000 00436nam a2200193Ia 4500
005 20240823033518.0
008 240823s9999||||xx |||||||||||||| ||und||
020 _a978-81-7720-145-1
041 _aENGLISH
082 _A813.54 Q2
100 _aTamilavan
245 0 _aG K Ezhuthiya Marma Naaval
250 _a1st
260 _c2011
_bAdaiy
500 _aYES
650 _aTamil Books
_bGeneral
942 _cBK
999 _c195993
_d195993